000 01800cam a22004094i 4500
001 197929
003 ES-MaACL
005 20251203063036.0
008 251031e202507 sp a |||||001 0cspa d
017 _aSE 1221-2025
_bOficina Depósito Legal Sevilla
020 _a979-13-87552-93-0
040 _aES-MaACL
_bspa
_cES-MaACL
_erda
080 _a070.42-055.2"1936/39"
080 _a 070.423:355.01(460)"1936/1939"
080 _a94(460)"1936/39"(0:070)
080 _a94(460)"1936/39":316.654(100)
100 1 _aDíaz Nosty, Bernardo
_944372
_eaut
245 1 0 _aLo contaron al mundo :
_bperiodistas extranjeras en la guerra civil : periodistas, fotoperiodistas, colaboradoras de prensa y autoras de memorias /
_cBernardo Díaz Nosty
250 _a3ª edición, julio 2025
264 1 _aSevilla :
_bEditorial Renacimiento,
_cjulio de 2025
300 _a912 páginas :
_bilustraciones (blanco y negro) ;
_c24 cm
336 _2rdacontent
_atexto
337 _2rdamedia
_asin mediación
338 _2rdacarrier
_avolumen
490 0 _aLos cuatro vientos. Serie mayor ;
_v7
504 _aBibliografía: páginas 888-900. Índices
650 0 _aCorresponsales de guerra-
_2embne
_9242556
_zEspaña-
_y1936-1939, Guerra civil
650 4 _aMujeres periodistas
_2embne
_9235863
651 4 _9162350
_aEspaña-
_xHistoria-
_y1936-1939, Guerra civil-
_xEn la prensa
651 4 _98315
_aEspaña-
_xHistoria-
_y1936-1939, Guerra civil-
_xOpinión extranjera
852 _aES-MaACL
_cDEPO1
_jA-15834
_xEncuadernación rústica con solapas
_9206954
908 _aUB
942 _cMONOGRAFIA
_n0
999 _c197929
_d197929